Quizzes
Events
Quiz Creation
Community
Videos
Private Events
Remove Ads
Sign In
Join for FREE
Feedback
Dark Mode
Quiz Categories
Sports
Geography
Music
Movies
Television
Just For Fun
Miscellaneous
History
Literature
Language
Science
Gaming
Entertainment
Religion
Holiday
For Kids
Quiz Lab
Recent
Popular Today
Quiz Kudos Today
Editor Picks
Curator Picks
Quizzes by...
Day
Popularity
Type
Ratings
Length
Year
Community
Subscriptions
Recent Discussions
Orange Saloon
Badges
Playlists
Quests
Create
Leaderboards
Showdown
Live 5
Trivia Bingo
Activity
Puzzle Library
Sporcle Events
Private Events
Virtual Trivia
Globe League
Become a Host
Pub Owners
SporcleCon
Opinionation
Our Games
Videos
Blog
Mobile Apps
Partnerships
Remove Ads and Go Orange
Feedback
Entertainment
Celebrity
Famous
Musical
Broadway
Show
Quote
Comic Books
Anime
Superhero
DC Comics
Marvel
Cartoons
Animation
Entertainment
Celebrity
Famous
Musical
Broadway
Show
Quote
Comic Books
Anime
Superhero
DC Comics
Marvel
Cartoons
Animation
Random Quiz
Search Sporcle
×
Quiz Lab
Quiz Lab
Entertainment
Clickable
Select answers by clicking on text or image buttons
Select answers by clicking on text or image buttons
Clickable
Best Score? Go Orange.
Pro Wrestling Finishers 2017 Stats
Can you pick the Pro Wrestling Finishers of 2017?
By
ChildOfTheNight
5m
62 Questions
359 Plays
359 Plays
359 Plays
Comments
Comments
Give Quiz Kudos
Give Quiz Kudos
-
- Ratings
hide this ad
Forced Order
Answers have to be entered in order
Answers have to be entered in order
Replay
Link that replays current quiz
Next Quiz
Link to next quiz in quiz playlist
You Got
0%
They Got
Avg Score
61%
Avg Friend Score
Upgrade to see
Score Distribution
Jump to the score distribution portion of the page
Score
0/62
Timer
05:00
0
Plays Today
% Correct
John Cena
86.1%
Bray Wyatt
85.8%
Brock Lesnar
84.7%
Randy Orton
84.4%
Triple H
84.1%
Rey Mysterio
84.1%
Sheamus
83.8%
Dean Ambrose
83.3%
Sasha Banks
83%
AJ Styles
82.7%
Chris Jericho
81.9%
Dolph Ziggler
81.9%
Kevin Owens
81.1%
Charlotte
80.5%
Baron Corbin
80.2%
Kurt Angle
79.7%
Neville
79.1%
Sami Zayn
78.8%
Goldberg
78.6%
Tyler Bate
77.8%
Cesaro
77.7%
Kalisto
77.2%
Finn Balor
76.6%
James Ellsworth
76.3%
Shinsuke Nakamura
75.5%
Samoa Joe
75.2%
Bobby Roode
74.4%
Johnny Gargano
73.3%
Gallows and Anderson
72.4%
Tomasso Ciampa
72.1%
Rich Swann
71.6%
% Correct
Johnny Mundo
69.9%
Jay Lethal
68.8%
American Alpha
63.5%
Drew Galloway
62.1%
The Authors Of Pain
60.8%
Kazuchika Okada
60.4%
Brother Nero
60.2%
The Young Bucks
59.3%
Pete Dunne
59.3%
The New Day
59.1%
Austin Aries
58.5%
Kenny Omega
58.2%
Will Ospreay
56.8%
Low Ki
56.7%
Ricochet
54.3%
#DIY
50.5%
Kota Ibushi
50.1%
Adam Cole
43.2%
Hiroshi Tanahashi
39.6%
Willie Mack
39.6%
Chuck Taylor
38.4%
Chris Sabin
38.2%
'Speedball' Mike Bailey
38.1%
Roderick Strong
37.9%
Brian Cage
36.5%
Chris Hero
36.5%
James Storm
35.6%
Pentagon Jr
34%
Super Dragon
31.5%
Broken Matt Hardy
28.4%
19%
Quiz Playlist
Details
Report
Send in Message
Add To Playlist
Clickable:
Select answers by clicking on text or image buttons
Forced Order:
Answers have to be entered in order
Last Updated: Jun 17, 2017
Quiz Scoreboard
CHALLENGE
Sign Up to Join the Scoreboard
Show All
Scores
Hide
Comments
May contain spoilers
Recently Published
9x9 Crossword: Cartoon Network
by jackfrog10
Miscellaneous
3m
College Basketball Coaching Resumes
by pancakes188
Sports
9m
Billboard Blitz: Fleetwood Mac
by CooCooCachoo
Music
15s
More to Explore
Quiz From the Vault
Featured Blog Post
Where Did the Easter Bunny Come From?
hide this ad
You Might Also Like...
Tags
Clickable Quiz
2017
Finisher
pro
Pro Wrestling
Wrestling
Today's Top Quizzes in Entertainment
Browse Entertainment
hide this ad
Today's Top Quizzes in Clickable
Browse Clickable
Top Contributed Quizzes in Entertainment
1
7-to-1: DC Comics Villains
2
Marvel Characters Bunker
3
Eurovision 2023 Logic Puzzle
4
Dragon Ball Z: Goku's Fights in Order
5
Criteria Quickie: Cartoon Taxonomy II
6
Sorting Pictures: Villains
7
Kamen Rider Motifs
8
Mini Trivia Sudoku: Musicals
9
Fictional Villains Letter U Blitz
10
7-to-1: One Piece
Explore More
Trending Topics
Crossword
Marvel
NBA
Harry Potter
Kpop
Anime
Disney
The Office
Soccer
Country
WWE
Song
Puzzle
Pokémon
NFL
hide this ad
More By:
ChildOfTheNight
Quiz
Plays
Rating
Category
Featured
Created
Members of Bullet Club
2,307
4.71
Entertainment
May 21, 2017
Pro Wrestling Finishers 2017
359
3.33
Entertainment
Feb 2, 2017
WWE First Superstar To...
188
3.17
Sports
Jul 4, 2015
WWE/WWF Triple Crown Champions
174
3.33
Sports
Jun 28, 2015
WWE Finishers 2014-15
117
5.00
Sports
Jun 27, 2015
Go to Creator's Profile
Score Distribution
Quiz Creator Spotlight
ChildOfTheNight
Follow
Send a Message
Quizzes Created
-
Created Quiz Play Count
-
More By This Creator
Popular Quizzes Today
1
Find the US States - No Outlines Minefield
2
Find the Countries of Europe - No Outlines Minefield
3
The Countries of the World
4
Find the US States
5
Risky Map Clicking: Biggest States A-Z
6
US States
7
Popular People in 1961
8
Movies - When Are They Set?
More Entertainment Quizzes
Let's Draw Batman: Year One
Curator's Pick
Trending Quizzes
Risky Map Clicking: Least Populous States A-Z
1-10 Letter G Words
1-10 Letter F Words
Risky Map Clicking: Next State Alphabetically
Adjectives in 80s TV Shows
Recently Updated
Leaping Animals
pecheneg
Reality TV Shows (A-Z)
bhenderson79
Rickey Henderson's Hall of Fame Teammates
pecheneg
Champions League XIs: Arsenal
pecheneg
Quick Pick: Celebrities in WWE's Hall of Fame
aduchscher
A-Z Keypad Blitz II
pecheneg
Multiple Oscar Actors
pecheneg
Mystery Phrase Blitz: Oscar 'Best Actors'
pecheneg
F. Scott Fitzgerald Novels
LTH
Pick 3 Villains
ddd62291
Trending Topics
Disney
Kpop
Crossword
NBA
Marvel
Anime
Harry Potter
Soccer
Song
WWE
Pokémon
Country
Puzzle
NFL
The Office
Your Account Isn't Verified!
In order to create a playlist on Sporcle, you need to verify the email address you used during registration. Go to your
Sporcle Settings
to finish the process.
Report this User
Report this user for behavior that violates our
Community Guidelines
.
Details:
Send Report
Go to the Sporcle.com Mobile Site →
Comments